Представление документа в формате RUSMARC

ПолеНазваниеЗначение
  Тип записи a
  Библиографический уровень a
001 Контрольный номер RU/CBS_UL/BASE/6aae21889710405ea06b5002dbba74fa
005 Дата корректировки 20260422125548.9
100 Данные общей обработки __
a Данные общей обработки 20260422 ||| 0rusy0189 ca
101 Язык документа 0_
a Язык текста rus
102 Страна публикации __
a Страна публикации RU
200 Заглавие и сведения об ответственности 1_
a Заглавие Такого не было четверть века!
e Сведения, относящиеся к заглавию [ульяновская спортсменка А. Томшина стала чемпионкой России по биатлону]
f Первые сведения об ответственности А. Агапов
300 Общие примечания __
a Общие примечания 6+
461 Уровень набора _0
1 2000
a Чемпион
463 Уровень физической единицы _0
1 2000
a № 12 (25 март.)
v С. 1 : фото
1 2101
d 2026
1 001RU/CBS_UL/BASE/e82d3c237e96437c90014aa508a17a27
600 Персоналии _1
a Персоналии (Фамилия) Томшина
b Персоналии (Имя, инициалы) А.
606 Тематические рубрики 0_
a Основная рубрика Спортсмены - Ульяновская область
610 Ключевые слова 0_
a Ключевые слова спортсменки
610 Ключевые слова 0_
a Ключевые слова ульяновские спортсменки
610 Ключевые слова 0_
a Ключевые слова спортсменки ульяновские
610 Ключевые слова 0_
a Ключевые слова чемпионки России по биатлону
610 Ключевые слова 0_
a Ключевые слова биатлонистки
686 Индексы других классификаций __
2 Код системы rubbk
a Классификационный индекс 75.719.59
700 Автор _1
a Фамилия Агапов
b Имя (инициалы) А.
801 Источник записи _0
a Страна RU
b Организация МБУК ЦБС г. Ульяновска
c Дата составления 20260422
g Правила каталогизации RCR
801 Источник записи _1
a Страна RU
b Организация МБУК ЦБС г. Ульяновска
c Дата составления 20260422
g Правила каталогизации RCR
901 Тип документа __
t Тип документа f
w Контрольный № источника RU/CBS_UL/BASE/e82d3c237e96437c90014aa508a17a27
909 Создатель записи __
a Создатель записи lib2